Célébrités décédées en 2024 - Statistiques

Statistiques générales
  • Ce quiz a été pris 58 fois
  • Le résultat moyen est 7 sur 20
Statistiques - réponses
Par images Hint Réponse % Correct
Acteur français (3 octobre) Michel Blanc
88%
Animatrice française (21 décembre) Maïté
75%
Avocat et politicien français (9 février) Robert Badinter
73%
Acteur français (18 août) Alain Delon
68%
Chanteuse française (11 juin) Françoise Hardy
55%
Journaliste français (6 mai) Bernard Pivot
48%
Politicien français (21 mars) Frédéric Mitterrand
43%
Actrice anglais (27 septembre) Maggie Smith
43%
Animateur français (7 août) Patrice Laffont
43%
Politicien ukrainien (16 février) Alexeï Navalny
32%
Acteur français (1er décembre) Niels Arestrup
25%
Acteur canadien (20 juin) Donald Sutherland
23%
Chanteur anglais (16 octobre) Liam Payne
23%
Sportif américain (10 avril) O. J. Simpson
21%
Actrice française (18 juin) Anouk Aimée
14%
Mangaka japonais (1ᵉʳ mars) Akira Toriyama
11%
Animateur français (30 juin) Jean-Pierre Descombes
9%
Acteur américain (2 février) Carl Weathers
7%
Actrice américaine (11 juillet) Shelley Duvall
5%
Acteur français (15 juillet) Jacques Boudet
2%
Aucun quiz correspondant
Distribution des résultats
% des personnes avec chaque résultat
Percentile par nombre de réponses
Votre historique - résultats
Vous n’avez pas pris ce quiz